Na minha lista:
Detalhes bibliográficos
Formato: Desconhecido
Publicado em: México, D.F :
Assuntos:
Tags: Adicionar Tag
Sem tags, seja o primeiro a adicionar uma tag!

MARC

LEADER 00000 a2200000 04500
001 26572
003
008 991231s d
040
090 |a 149003  
260 |a México, D.F :  
650 |a TEORIA SOCIAL  
650 |a SISTEMA SOCIAL  
650 |a SOCIOLOGIA  
650 |a CONOCIMIENTO  
650 |a COMUNICACION  
999 |c 12029  |d 12029